000 00762cam a2200253 a 4500
001 000019509
005 20200929170035.0
008 780306s1966 sp b 000 p spa d
040 _aDO-SdBNP
_bspa
_cBNPHU
082 _a861.3
_bV422poe, 1966
100 1 _aVega, Lope de,
_d1562-1635
_93084
245 1 0 _aPoesías líricas /
_cLope de Vega.
250 _a5a ed.
260 _aMadrid :
_bEspasa-Calpe,
_c1966.
300 _a154, [18] ;
_c18 cm.
490 _aAustral. Violeta: teatro y poesía
_v274
500 _aIncluye índice de autores.
650 4 _aPoesía lírica
_93066
650 4 _aPoesía española
_9631
650 4 _aLiteratura española
_9632
830 0 _aAustral.
_pVioleta: teatro y poesía;
_v274
_939559
910 _aWM
049 _aBNGR
999 _c19025
_d19025